| 000 | 01360nam a2200337 i 4500 | ||
|---|---|---|---|
| 001 | 000032175 | ||
| 003 | DO-SdBNP | ||
| 005 | 20250530091955.0 | ||
| 007 | ta | ||
| 008 | 090715s2002 dr a 000 0 spa d | ||
| 040 |
_aDO-SdBNP _bspa _cBNPHU _erda |
||
| 041 | _hspa | ||
| 082 |
_a343.729304 _bR426c 2002 _222 |
||
| 110 | 1 |
_aRepública Dominicana _9447 |
|
| 240 | 1 | 0 | _aCódigo tributario |
| 245 | 1 | 0 |
_a Ley no. 11-92, Código tributario de la República Dominicana : _b(modificado por la ley 147-00 que es por la ley 12-01) reglamento (Decretos nos. 139-98 y 140-98, modificado por los Devretos 195-01 y 196-01) Decretos 1199 y normas generales y resoluciónes vigentes establecidas por la DGII / _cTrajano Vidal Potentini |
| 250 | _aTercera edición actualizada y ampliada | ||
| 264 |
_aMoca, República Dominicana : _bDalis, _c2002. |
||
| 300 |
_a394 páginas. ; _c22 cm. |
||
| 336 |
_ardacontent _btexto _2txt |
||
| 337 |
_ardamedia _bsin mediación _2n |
||
| 338 |
_ardacarrier _bvolumen _2nc |
||
| 500 | _aLey no. 11-92 (Gaceta oficial no. 9835) | ||
| 500 | _aIncluye notas al pie de las páginas | ||
| 590 | _aInventariado, 2025/DG | ||
| 650 | 1 | 4 |
_aDerecho fiscal _xLegislación _zRepública Dominicana _99397 |
| 700 | 1 | 2 |
_aPotentini Adames, Trajano Vidal _973577 |
| 700 | 1 | 2 |
_aSepulveda, Federico _911789 |
| 910 | _aDG | ||
| 942 |
_2ddc _cLBS1 |
||
| 999 |
_c59101 _d59101 |
||